000 00637nam a22001817a 4500
003 UA-OsUOA
001 15192
007 ta
008 20031102b un ||||| |||| 00| 0 ukr d
100 _aТуз В.
942 _cSA
040 _aUA-OsUOA
_cUA-OsUOA
_dUA-OsUOA
245 _aКоли ми бігаємо за прапорами...
_b[Про політ. діяча Р.Омельчука - першого заст. представника президента на Рівненщині]
300 _aС.8
955 _a0
773 0 _w0
_tОго
_dРівне
_d2003
_g№133/2 серп./
650 7 _aКраєзнавча робота
_2UDC
999 _c301357
_d301357